Handbook of theoretical computer science
Αποθηκεύτηκε σε:
| Άλλοι συγγραφείς: | |
|---|---|
| Μορφή: | Βιβλίο |
| Γλώσσα: | English |
| Δημοσίευση: |
Amsterdam ; New York ; Cambridge, Mass. :
Elsevier : MIT Press,
1992.
|
| Θέματα: | |
| Ετικέτες: |
Προσθήκη ετικέτας
Δεν υπάρχουν, Καταχωρήστε ετικέτα πρώτοι!
|
MARC
| LEADER | 00000cam a2200000 i 4500 | ||
|---|---|---|---|
| 001 | 1/33953 | ||
| 008 | 941103s1992####ne | ||| |||| ||eng|| | ||
| 020 | |a 0444880755 | ||
| 020 | |a 0444880712 | ||
| 020 | |a 0444880747 | ||
| 020 | |a 0262220407 | ||
| 020 | |a 0262220385 | ||
| 020 | |a 0262220393 | ||
| 035 | |a 1993 |c ΧΑΤΖΗΣΑΒΒΑΣ |l 10039509 | ||
| 040 | |a GR-MyUA |b gre |e AACR2 | ||
| 041 | 0 | |a eng | |
| 082 | 0 | |a 004.0202 |2 (20) | |
| 245 | 1 | 0 | |a Handbook of theoretical computer science / |c edited by Jan van Leeuwen. |
| 260 | |a Amsterdam ; |a New York ; |a Cambridge, Mass. : |b Elsevier : |b MIT Press, |c 1992. | ||
| 300 | |a 2 τ. : |b εικ. ; |c 25 εκ. | ||
| 504 | |a Περιέχει βιβλιογραφικέςαναφορές και ευρετήριο. | ||
| 505 | 0 | |a Τ. 1. Algorithms and complexity -- τ. 2. Formal models and semantics. | |
| 650 | 0 | 0 | |a Computer science. |
| 650 | 0 | 0 | |a Computer science |x Handbook, manual, etc. |
| 700 | 1 | |a Leeuwen, J. van |q (Jan) |e edt | |
| 740 | 0 | 2 | |a Algorithms and complexity |
| 740 | 0 | 2 | |a Formal models and semantics |
| 852 | |a INST |b SAMOS |e 19941103 |h 004.0202 HAN |p 005300003661 |q 005300003661 |t BK |y 0 |z v.2 | ||
| 852 | |a INST |b SAMOS |e 19941103 |h 004.0202 HAN |p 005300003662 |q 005300003662 |t BK |y 0 |z v.1 | ||
| 852 | |a INST |b SAMOS |e 20000211 |h 004.0202 HAN |p 005300015741 |q 005300015741 |t BK |y 0 |z v.2 | ||
| 852 | |a INST |b SAMOS |e 20000116 |h 004.0202 HAN |p 005300016145 |q 005300016145 |t BK |y 0 |z v.1 | ||
| 852 | |a INST |b SAMOS |e 19941103 |h 004.0202 HAN |p 005300003661 |q 005300003661 |t BK |v v.2: |y 0 |z v.2 | ||
| 852 | |a INST |b SAMOS |e 19941103 |h 004.0202 HAN |p 005300003662 |q 005300003662 |t BK |v v.1: |y 0 |z v.1 | ||
| 852 | |a INST |b SAMOS |e 20000211 |h 004.0202 HAN |p 005300015741 |q 005300015741 |t BK |v v.2: |y 0 |z v.2 | ||
| 852 | |a INST |b SAMOS |e 20000116 |h 004.0202 HAN |p 005300016145 |q 005300016145 |t BK |v v.1: |y 0 |z v.1 | ||
| 853 | |a INST |b SAMOS |h 004.0202 HAN | ||
| 901 | |a BIBL3-2000-1 | ||
| 909 | |a Σ |b 025625 | ||
| 909 | |a Σ |b 071360 | ||
| 909 | |a Σ |b 025624 | ||
| 909 | |a Σ |b 072805 | ||
| 922 | |a 3ΕΛΗ |b 199912 |c ΤΠΕΣ |d ΠΑΠΑΣΩΤΗΡΙΟΥ | ||
| 970 | |a ΓΕΝΟΥΖΟΥ |b ΧΡΥΣΑΝΘΗ |z 2000-01-16 | ||